000 00470nam a22001812 4500
001 0000005668
005 20151217160111.0
008 070620s xx 000 0 eng d
040 _aKABU
_cKABU
050 0 _aPZ90
_b.S94R3V58
100 1 _aRashid, Ali M.
_@0000156882
245 1 0 _aVitendawili kwa mashairi.
260 _aNairobi :
_bOUP,
_c2003.
300 _a30 p.
908 _a070620
950 _@1
999 _c14236
_d14236